00490nam a2200193Ia 4500003000400000005001700004008004100021020002200062040000700084041000800091082001700099100002600116245004400142260003800186300001700224365001800241650001400259650002300273OSt20230517143600.0210423s2006 xx 000 0 und d a978-1-4020-4546-8 cAL aeng a541.394 UPAC aUPADHYAY (Santhosh K) aChemical kinetics and reaction dynamics aNew DelhibSpringer Pvt Ltdc2006 axiii,256bHB b11486.17cEUR aChemistry aPhysical Chemistry